ức Trai tướng công di tập: Dư địa chí
Đã lưu trong:
| 主要作者: | |
|---|---|
| 格式: | 图书 |
| 语言: | Undetermined |
| 出版: |
Sài Gòn
Tổng bộ Văn hóa xã hội
1966
|
| 主题: | |
| 标签: |
添加标签
没有标签, 成为第一个标记此记录!
|
| Thư viện lưu trữ: | Trung tâm Học liệu Trường Đại học Cần Thơ |
|---|
| LEADER | 00542nam a2200169Ia 4500 | ||
|---|---|---|---|
| 001 | CTU_10379 | ||
| 008 | 210402s9999 xx 000 0 und d | ||
| 082 | |a 915.97 | ||
| 082 | |b Tr103 | ||
| 100 | |a Nguyễn Trãi | ||
| 245 | 0 | |a ức Trai tướng công di tập: Dư địa chí | |
| 245 | 0 | |c Nguyễn Trãi, Trần Tuấn Khải | |
| 260 | |a Sài Gòn | ||
| 260 | |b Tổng bộ Văn hóa xã hội | ||
| 260 | |c 1966 | ||
| 650 | |a vietnam - geography | ||
| 980 | |a Trung tâm Học liệu Trường Đại học Cần Thơ | ||